| 000 | 00595nam a2200157Ia 4500 | ||
|---|---|---|---|
| 008 | 100122s9999 xx 000 0 und d | ||
| 082 |
_b66724 _a370 |
||
| 100 | _aसाळवी दिलीप | ||
| 245 | _aविज्ञान: व्यवसाय आणि संधी | ||
| 260 |
_bग्रंथाली प्रकाशन _c2001 |
||
| 300 | _a72 | ||
| 630 | _aविज्ञान: व्यवसाय आणि संधी | ||
| 700 | _aडिंगणकर म वि | ||
| 730 | _aविज्ञान: व्यवसाय आणि संधी | ||
| 942 | _cBOOK | ||
| 999 |
_c439167 _d439164 |
||